Principles of Corporate Finance (Record no. 4275)

MARC details
000 -LEADER
fixed length control field 00382nam a22001457a 4500
008 - FIXED-LENGTH DATA ELEMENTS--GENERAL INFORMATION
fixed length control field 250714b |||||||| |||| 00| 0 eng d
020 ## - INTERNATIONAL STANDARD BOOK NUMBER
ISBN 0072869461
100 ## - MAIN ENTRY--AUTHOR
Author Myers Brealey
245 ## - TITLE STATEMENT
Title Principles of Corporate Finance
260 ## - PUBLICATION, DISTRIBUTION, ETC. (IMPRINT)
Place of publication NP
Name of publisher McGraw-Hill higher education
Date of publication 2006
300 ## - COLLATION
Pagination xxv, 1071p.
Other physical details ill.
650 ## - TRACINGS
Main Subject Corporate Finance
942 ## - ADDED ENTRY ELEMENTS (KOHA)
Item type Books
050 ## - LIBRARY OF CONGRESS CALL NUMBER
Classification number HG4026
Item number .B66
Holdings
Source of classification or shelving scheme Not for loan Permanent location Current location Date acquired Accession No. Full call number Barcode. Koha item type
Library of Congress Classification   Samuel Ogbemudia Main Library, University of Abuja Samuel Ogbemudia Main Library, University of Abuja 07/14/2025 2025/65078 HG4026.B66 2025-3029 Books